00543 2200205 4500001002100000005001500021008004100036020002200077035001900099041000700118082001000125090001600135100002700151700001100178700002000189245003700209260003000246300003200276650002900308INLIS00000000002019820241224115838241224||||||||| | ||| |||| || |  a978-979-534-780-4 0010-1224020198 aid0 a597.6 a597.6 CAM m0 aCamilla De La Bedoyere0 aet. al0 aRupert Matthews00aBook of Life Reptilia dan Amfibi aBandungbPakar Rayac2013 a25x17,5 cm, 68 hlm.; ilus.: 0aFauna -- Ilmu-ilmu Murni